000 00782nam a2200241 a 4500
003 CO-ViMGA
005 20230915225024.0
008 120725s2009 ck a gr 000 jdspa d
020 _a9789587052886
040 _aCO-ViMGA
_bspa
_cCO-ViMGA
043 _as-ck---
082 0 4 _aI863.6
_bR67p5
_219
100 1 _aRosero Diago, Evelio José,
_d1958-
_9683
240 1 0 _aBogotá-Bibliografía regional
245 1 0 _aPelea en el parque ; El sueño de Tacha /
260 _aBogotá :
_bEdiciones SM,
_c2009.
300 _a58 p. :
_bil. ;
_c19 cm.
490 0 _aColeccion el barco de vapor. Serie naranja ;
_v4
650 1 4 _aAmistad
_v Cuentos juveniles.
_9884
650 1 4 _aCuentos juveniles colombianos.
_930
650 1 4 _aParques
_v Cuentos juveniles.
_9883
942 _2ddc
_cBK
999 _c12018
_d12018